Honduras-El Salvador: una frontera conflictiva

Bewaard in:
Bibliografische gegevens
Formaat: Texto
Tags: Voeg label toe
Geen labels, Wees de eerste die dit record labelt!

MARC

LEADER 00000 a a2200000 04500
001 1371
003
040
245 |a Honduras-El Salvador:   |b una frontera conflictiva  
773 |g número 58; páginas 41-42  
999 |c 38944  |d 38944